Únos /

Hlavní autor: Gustawsson, Johana, 1978-
Další autoři: Müllerová, Hana, 1947-
Jazyk: Čeština
Vydáno: [Líbeznice] : Víkend, 2021
Témata:
Fyzický popis: 271 stran ; 21 cm
Knihy
Uloženo v:
LEADER 01555cam a2200445 i 4500
001 nkc20213328388
003 CZ PrNK
005 20220811150134.0
007 ta
008 210615s2021 xr g 000 f cze d
015 |a cnb003328388 
020 |a 978-80-7433-315-6  |q (vázáno) 
035 |a (OCoLC)1344359949 
040 |a CBA001  |b cze  |d ABG001  |e rda 
041 1 |a cze  |h fre 
072 7 |a 821.133.1-3  |x Francouzská próza, francouzsky psaná  |2 Konspekt  |9 25 
080 |a 821.133.1-31  |2 MRF 
080 |a (0:82-312.4)  |2 MRF 
100 1 |a Gustawsson, Johana,  |d 1978-  |7 xx0217136  |4 aut 
240 1 0 |a Mör.  |l Česky 
245 1 0 |a Únos /  |c Johana Gustawsson ; z francouzského originálu Mör ... přeložila Hana Müllerová 
264 1 |a [Líbeznice] :  |b Víkend,  |c 2021 
300 |a 271 stran ;  |c 21 cm 
336 |a text  |b txt  |2 rdacontent 
337 |a bez média  |b n  |2 rdamedia 
338 |a svazek  |b nc  |2 rdacarrier 
655 7 |a francouzské romány  |7 fd132289  |2 czenas 
655 7 |a detektivní romány  |7 fd132010  |2 czenas 
655 7 |a thrillery (romány)  |7 fd184206  |2 czenas 
655 9 |a French fiction  |2 eczenas 
655 9 |a detective novels  |2 eczenas 
655 9 |a thrillers (novels)  |2 eczenas 
700 1 |a Müllerová, Hana,  |d 1947-  |7 jk01082461  |4 trl 
787 0 8 |i Z cyklu:  |t Emily Royová a Alexis Castellsová  |g 2 
910 2 |a BOA001  |b 2-1482.814 
920 |a 4600046  |z ABG001 
990 |a BK 
995 |a 01 
991 |b 202203  |c NOV 
996 6 |b 2610896179  |c 2-1482.814  |l MZK  |r Sklad / do 1 hodiny  |n 0  |p p.v.  |w 001879524  |u 000010  |a 1  |e BOA001  |j MZK50  |s P